000 00664cam a2200229 a 4500
001 000003835
003 DO-SdBNP
005 20220921142234.0
007 ta
008 720411s1963 nyu 001 f eng
040 _aDO-SdBNP
_bspa
_cBNPHU
082 4 _a813.54
_bB922L
_222
100 1 _aBuck, Pearl S.
_q(Pearl Sydenstricker),
_d1892-1973.
_911588
245 1 0 _aThe living reed :
_ba novel /
_cPearl S. Buck.
260 _aNew York :
_bThe John Day Company,
_c1963.
300 _a478 p. ;
_c22 cm.
590 _aInventariado, 2022 / DG
650 4 _aNovela estadounidense
_9262
650 4 _aLiteratura estadounidense
_9263
910 _aDG
942 _2ddc
_cLBS1
999 _c3657
_d3657